Normal view MARC view
  • Escareño Soberanes, Fortino

Entry Nombre Personal

Number of records used in: 9

001 - NUMERO DE CONTROL

  • campo de control: 32543

003 - IDENTIFICADOR DE NUMERO DE CONTROL

  • campo de control: MX-MxUPN

005 - FECHA Y HORA DE LA ÜLTIMA TRANSACCIÓN

  • campo de control: 20251021111321.0

008 - DATOS DE LONGITUD FIJA

  • campo de control de longitud fija: 251021n| acannaabn a aaa |d

035 ## - NUMERO DE CONTROL

  • Número de control: UPN11000004650

040 ## - FUENTE DE CATALOGACIÓN

  • Agencia original de catalogación: MX-MxUPN
  • Lenguaje de catalogación: spa
  • Agencia de transcripción: MX-MxUPN

100 1# - ENCABEZAMIENTO - NOMBRE PERSONAL

  • Nombre personal: Escareño Soberanes, Fortino

400 1# - VEÁSE - NOMBRE DE PERSONA

  • Personal name: Escareño, Fortino

670 ## - FUENTE EN LA QUE SE LOCALIZARON DATOS

  • Cita de la fuente: LC

670 ## - FUENTE EN LA QUE SE LOCALIZARON DATOS

  • Cita de la fuente: Matemáticas 3, 2014:
  • Información localizada: portada (Fortino Escareño)

680 ## - NOTA PUBLICA DE ACCESO PÚBLICO

  • Frase explicativa de la referencia: Matemático mexicano

902 ## - CATALOGADOR

  • Catalogador: CAA/100912